00712 2200241 4500001002100000005001500021035002000036007000300056008004100059020002200100082001100122084001700133100002100150245013800171250001000309260003900319300002800358650002200386700001700408700002300425990001100448990001100459INLIS00000000000347220190522090422 a0010-0519000064ta190522 b 0 ind  a978-979-055-537-2 a297.73 a297.73 SRI q0 aSRI, Al Hidayati1 aQur'anic Quetions & Answers: Buah dan Sayuran yang Disebut dalam Al Qur'an /cSri Al Hidayati; editor, Abdul Wahab, Safitri Lusiana D acet.3 aBandung :bSygma Kaya Imaji,c2018 a28 hlm :bilus ;c27 cm 4aISLAM. PENDIDIKAN0 aABDUL, Wahab0 aSAFITRI, Lusiana D a6541 a a6541 b